<?xml version="1.0" encoding="UTF-8"?><?xml-stylesheet type="text/xsl" href="static/style.xsl"?><OAI-PMH xmlns="http://www.openarchives.org/OAI/2.0/" xmlns:xsi="http://www.w3.org/2001/XMLSchema-instance" xsi:schemaLocation="http://www.openarchives.org/OAI/2.0/ http://www.openarchives.org/OAI/2.0/OAI-PMH.xsd"><responseDate>2026-04-17T21:26:29Z</responseDate><request verb="GetRecord" identifier="oai:www.recercat.cat:10230/25600" metadataPrefix="marc">https://recercat.cat/oai/request</request><GetRecord><record><header><identifier>oai:recercat.cat:10230/25600</identifier><datestamp>2025-12-13T21:26:03Z</datestamp><setSpec>com_2072_6</setSpec><setSpec>col_2072_452952</setSpec></header><metadata><record xmlns="http://www.loc.gov/MARC21/slim" xmlns:dcterms="http://purl.org/dc/terms/" xmlns:xsi="http://www.w3.org/2001/XMLSchema-instance" xmlns:doc="http://www.lyncode.com/xoai" xsi:schemaLocation="http://www.loc.gov/MARC21/slim http://www.loc.gov/standards/marcxml/schema/MARC21slim.xsd">
   <leader>00925njm 22002777a 4500</leader>
   <datafield ind2=" " ind1=" " tag="042">
      <subfield code="a">dc</subfield>
   </datafield>
   <datafield ind2=" " ind1=" " tag="720">
      <subfield code="a">Vilaró, Jordi</subfield>
      <subfield code="e">author</subfield>
   </datafield>
   <datafield ind2=" " ind1=" " tag="720">
      <subfield code="a">Ramírez Sarmiento, Alba</subfield>
      <subfield code="e">author</subfield>
   </datafield>
   <datafield ind2=" " ind1=" " tag="720">
      <subfield code="a">Martínez-Llorens, Juana Mª</subfield>
      <subfield code="e">author</subfield>
   </datafield>
   <datafield ind2=" " ind1=" " tag="720">
      <subfield code="a">Mendoza, Teresa</subfield>
      <subfield code="e">author</subfield>
   </datafield>
   <datafield ind2=" " ind1=" " tag="720">
      <subfield code="a">Álvarez, Miguel</subfield>
      <subfield code="e">author</subfield>
   </datafield>
   <datafield ind2=" " ind1=" " tag="720">
      <subfield code="a">Sánchez Cayado, Natalia</subfield>
      <subfield code="e">author</subfield>
   </datafield>
   <datafield ind2=" " ind1=" " tag="720">
      <subfield code="a">Vega, Ángeles</subfield>
      <subfield code="e">author</subfield>
   </datafield>
   <datafield ind2=" " ind1=" " tag="720">
      <subfield code="a">Gimeno Santos, Elena, 1980-</subfield>
      <subfield code="e">author</subfield>
   </datafield>
   <datafield ind2=" " ind1=" " tag="720">
      <subfield code="a">Coronell Coronell, Carlos Gustavo</subfield>
      <subfield code="e">author</subfield>
   </datafield>
   <datafield ind2=" " ind1=" " tag="720">
      <subfield code="a">Gea Guiral, Joaquim</subfield>
      <subfield code="e">author</subfield>
   </datafield>
   <datafield ind2=" " ind1=" " tag="720">
      <subfield code="a">Roca, Josep</subfield>
      <subfield code="e">author</subfield>
   </datafield>
   <datafield ind2=" " ind1=" " tag="720">
      <subfield code="a">Orozco Levi, Mauricio</subfield>
      <subfield code="e">author</subfield>
   </datafield>
   <datafield ind2=" " ind1=" " tag="260">
      <subfield code="c">2016-01-18T19:42:33Z</subfield>
   </datafield>
   <datafield ind2=" " ind1=" " tag="260">
      <subfield code="c">2016-01-18T19:42:33Z</subfield>
   </datafield>
   <datafield ind2=" " ind1=" " tag="260">
      <subfield code="c">2010</subfield>
   </datafield>
   <datafield ind2=" " ind1=" " tag="520">
      <subfield code="a">Exacerbations of chronic obstructive pulmonary disease (COPD) are associated with several modifiable (sedentary life-style, smoking, malnutrition, hypoxemia) and non-modifiable (age, co-morbidities, severity of pulmonary function, respiratory infections) risk factors. We hypothesise that most of these risk factors may have a converging and deleterious effects on both respiratory and peripheral muscle function in COPD patients. METHODS: A multicentre study was carried out in 121 COPD patients (92% males, 63 ± 11 yr, FEV(1), 49 ± 17%pred). Assessments included anthropometrics, lung function, body composition using bioelectrical impedance analysis (BIA), and global muscle function (peripheral muscle (dominant and non-dominant hand grip strength, HGS), inspiratory (PI(max)), and expiratory (PE(max)) muscle strength). GOLD stage, clinical status (stable vs. non-stable) and both current and past hospital admissions due to COPD exacerbations were included as covariates in the analyses. RESULTS: Respiratory and peripheral muscle weakness were observed in all subsets of patients. Muscle weakness, was significantly associated with both current and past hospitalisations. Patients with history of multiple admissions showed increased global muscle weakness after adjusting by FEV(1) (PE(max), OR = 6.8, p &amp;lt; 0.01; PI(max), OR = 2.9, p &amp;lt; 0.05; HGSd, OR = 2.4, and HGSnd, OR = 2.6, p = 0.05). Moreover, a significant increase in both respiratory and peripheral muscle weakness, after adjusting by FEV(1), was associated with current acute exacerbations. CONCLUSIONS: Muscle dysfunction, adjusted by GOLD stage, is associated with an increased risk of hospital admissions due to acute episodes of exacerbation of the disease. Current exacerbations further deteriorate muscle dysfunction.</subfield>
   </datafield>
   <datafield ind2=" " ind1=" " tag="520">
      <subfield code="a">Sources of support: Supported in part by grants from “SEPAR-Area de Enfermeri´a y Fisioterapia” and BAE06/90061. CIBERES (Instituto de Salud Carlos III, Ministerio de Sanidad, Spain).</subfield>
   </datafield>
   <datafield tag="653" ind2=" " ind1=" ">
      <subfield code="a">Pulmons -- Malalties obstructives -- Epidemiologia</subfield>
   </datafield>
   <datafield tag="653" ind2=" " ind1=" ">
      <subfield code="a">Pulmons -- Malalties obstructives -- Fisiologia patològica</subfield>
   </datafield>
   <datafield ind2="0" ind1="0" tag="245">
      <subfield code="a">Global muscle dysfunction as a risk factor of readmission to hospital due to COPD exacerbations</subfield>
   </datafield>
</record></metadata></record></GetRecord></OAI-PMH>